Komisyon raporları 1.cilt (Record no. 7682)

MARC details
000 -BAŞLIK
Sabit Uzunlukta Kontrol Alanı 00893na a2200265 4500
001 - KONTROL NUMARASI
Denetim Alanı 18766
003 - KONTROL NUMARASI IDENTIFIER
Denetim Alanı MIRAKIL
005 - SON İŞLEM TARİHİ VE ZAMANI
Denetim Alanı 20181213155146.0
008 - SABİT-BOY VERİ ELEMANLARI - GENEL BİLGİLER
Sabit Uzunlukta Kontrol Alanı 161126b tu 000 0
035 ## - SİSTEM KONTROL NUMARASI
Sistem Kontrol Numarası 18766
040 ## - KATALOGLAMA KAYNAK
Orijinal Kataloglama Ajansı Milas
Kataloglama Dili tur
Metne Dönüştürmek Ajansı TR-AnCHP
041 ## - DİL KODU
Metin / Ses Parça Veya Ayrı Başlığın Dil Kodu tur
082 ## - DEWEY ONLU SINIFLANDIRMA NUMARASI
Sınıflandırma Numarası 307.1
Ürün Numarası K35k 2009
090 ## - SINIFLAMA NUMARASI
Sınıflama Numarası 307.1 K35k 2009
111 ## - ANA GİRİŞ - TOPLANTI ADI
Giriş Elemanı Olarak Toplantı Adı Veya Yargı Alanı Adı Kentleşme Şurası
Toplantının Yeri Ankara
Toplantı Veya Antlaşma İmzalandığı Tarihi 2009
245 ## - BAŞLIK TABLOSU
Başlık Komisyon raporları 1.cilt
Başlığın Kalan 4-7 Mayıs 2009 Ankara
Sorumluluk Tablosu, Vb T.C. Bayındırlık ve İskan Bakanlığı
246 ## - UNVAN FORM VARYING
Başlık Doğru / Kısa Başlığı 4-7 Mayıs 2009 Ankara
260 ## - YAYIN, DAĞITIM, VB
Yayın, Dağıtım, Vb Yeri Ankara
Yayıncı, Dağıtıcı, Vs Adı T.C. Bayındırlık ve İskan Bakanlığı
Yayın, Dağıtım, Vb Tarihi 2009
300 ## - FİZİKSEL TANIM
Kapsam 560 s.
Diğer Fiziksel Ayrıntıları tbl.;
Boyutlar 23 sm.
610 ## - KONU KATMA GİRİŞ - TOPLANTI ADI
Giriş Elemanı Olarak Kurumsal Ad Veya Yargı Alanı Adı T.C. Bayındırlık ve İskan Bakanlığı
Genel Alt Bölüm Komisyon raporları
650 ## - KONU KATMA GİRİŞ - TOPİKAL DÖNEM
Topikal Süreli Veya Coğrafi Ad Giriş Elemanı Komisyon raporları
Genel Alt Bölümü kentleşme
Kronolojik Alt Bölümü 2009
651 ## - KONU KATMA GİRİŞ - COĞRAFİ ADI
Coğrafi İsim Türkiye
Genel Alt Bölümü Kentleşme Şurası
710 ## - KATMA GİRİŞ - KURUMSAL ADI
Giriş Elemanı Olarak Kurumsal Ad Veya Yargı Alanı Adı T.C. Bayındırlık ve İskan Bakanlığı
942 ## - EKLENDİ GİRİŞ ELEMANLARI (KOHA)
Sınıflandırma Veya Raf Düzeni Kaynak Dewey Decimal Classification
Koha Öğesi Türü Books
999 ## - SİSTEM KONTROL NUMARALARI (KOHA)
Koha Biblionumber 7682
Koha Biblioitemnumber 7682
Holdings
Kalıcı Konum Mevcut Konum Edinme Tarihi Edinim Kaynak Toplam Check-Out'Lar Tam Çağrı Numarası Barkod Tarih Son Görülme İtibaren Geçerli Fiyatlar Koha Öğesi Türü
CHP Kütüphanesi CHP Kütüphanesi 11/26/2016 Bağış   307.1 K35k 2009 009993 11/26/2016 11/26/2016 Books